000 00858nam a2200253Ia 4500
003 GCL
008 140319s9999 xx 000 0 ara d
040 _aGCL /
_cGCL
082 0 4 _a792.9
_bر ش
100 1 _aرياض عصمت
245 1 0 _aشيطان المسرح : كتاب نقدى عن المسرح فى العالم /
_cرياض عصمت
300 _a662 ص
490 _aالهيئة العامة للاستعلامات
_v0
650 0 4 _aالمسرح الفرنسى
650 0 4 _aالمسرح
650 0 4 _aالمسرح الانجليزى
650 0 4 _aالفنون
650 0 4 _aالمسرح - نقد
650 0 4 _aالمسرح - بولونيا
650 0 4 _aالمسرح - المانيا
650 0 4 _aالمسرح - البرازيل
650 0 4 _aالمسرح - الولايات المتحدة الامريكية
942 _2ddc
_cBK
999 _c49021
_d49021